00594nam a2200217Ia 4500008004100000041001200041082000800053082001100061100001600072100001100088245004100099250001200140260001200152260003000164260000900194300001500203650001600218942000700234999001900241952011600260150909s9999 xx 000 0 und d aEnglish a620 bBAC/PR aBacon E M  eAuthor aPrinciples of wheel alinment service a2nd Ed. aNewYork bMc Graw Hill Book company c1977 a207 Pages aEngineering cBK c229107d229107 00104070aKAUCOAbKAUCOAd2015-09-16l0o620 BAC/PRpKAU-COA-11582 r2015-09-16 00:00:00w2015-09-16yBK